000 00949nam a22002537a 4500
999 _c2055
_d2055
003 AR-CdUCM
008 190301b ||||| |||| 00| 0 spa d
020 _a9972-33-113-X
040 _aMUNICIPALIDAD PROVINCIAL DEL CUSCO
_cBIBLIOTECA MUNICIPAL DEL CUSCO
041 _hger
082 _24ed..
_a801.95 /
_bK28
100 _aKayser, Wolfgang Johannes
_97437
245 _aInterpretación y análisis de la obra literaria /
_cversión española de María D. Mouton y V. García Yerba.
260 _aMadrid :
_bGredos,
_c1970.
300 _a594 páginas ;
_c19 cm.
505 _aIntroducción - Preparación - Conceptos elementales de análisis - Conceptos fundamentales del versos - Las formas lingüísticas...
650 _aCritica literaria.
_92609
650 _aManual.
_97438
650 _aForma literaria.
_97439
650 _aPerceptiva literaria.
_97440
650 _aAlemania.
_91327
942 _2ddc
_cLIBROS
945 _admma
_d2019-03-01